<?xml version="1.0" encoding="UTF-8"?>
<marc:record xmlns:marc="http://www.loc.gov/MARC21/slim">
   <marc:leader>00000nam a2200000 a 4500</marc:leader>
   <marc:datafield ind1="1" ind2=" " tag="100">
      <marc:subfield code="a">Zeiss, Ella</marc:subfield>
      <marc:subfield code="4">aut</marc:subfield>
      <marc:subfield code="e">Verfasser/-in</marc:subfield>
   </marc:datafield>
   <marc:datafield ind1=" " ind2=" " tag="653">
      <marc:subfield code="a">Wahre Begebenheiten</marc:subfield>
   </marc:datafield>
   <marc:datafield ind1="0" ind2="0" tag="245">
      <marc:subfield code="a">Wie Gräser im Wind</marc:subfield>
   </marc:datafield>
   <marc:datafield ind1="0" ind2="0" tag="245">
      <marc:subfield code="b">Roman</marc:subfield>
   </marc:datafield>
   <marc:datafield ind1="0" ind2="0" tag="245">
      <marc:subfield code="c">Ella Zeiss</marc:subfield>
   </marc:datafield>
   <marc:datafield ind1=" " ind2="1" tag="264">
      <marc:subfield code="b">Independently published</marc:subfield>
      <marc:subfield code="c">2018</marc:subfield>
   </marc:datafield>
   <marc:datafield ind1=" " ind2=" " tag="250">
      <marc:subfield code="a">1.</marc:subfield>
   </marc:datafield>
   <marc:datafield ind1="1" ind2=" " tag="520">
      <marc:subfield code="a">930 wütet das Sowjetregime mit Enteignungen und Verhaftungen in den ehemals wohlhabenden deutschen Dörfern der Krim. Jeder, der noch Land oder Einfluss hat, schwebt in Gefahr. Wilhelm Scholz weigert sich, seinen letzten Grundbesitz an den Staat zu überschreiben. Mitten in der Nacht zerren bewaffnete Männer ihn, seine Frau Anna und ihre kleinen Kinder aus dem Haus. Die Familie wird in die eisige Wildnis des Hohen Nordens gebracht und Baumfällarbeiten zugeteilt. Inmitten von Hunger, Krankheit und klirrender Kälte kämpfen Anna und Wilhelm ums Überleben und um einen Platz in der neuen Weltordnung. Samuel Pfeiffer entgeht einem ähnlichen Schicksal nur durch eine rechtzeitige Flucht. In einer Nacht- und Nebelaktion verlässt er mit seiner Familie das Dorf und lässt alles zurück. Doch die Verschnaufpause währt nicht lang. Als deutscher Lehrer wird er immer wieder verfolgt und denunziert. Eine Odyssee von der Krim bis nach Baku beginnt</marc:subfield>
   </marc:datafield>
   <marc:datafield ind1=" " ind2=" " tag="020">
      <marc:subfield code="a">9781980879015</marc:subfield>
      <marc:subfield code="9">9781980879015</marc:subfield>
   </marc:datafield>
   <marc:datafield ind1=" " ind2=" " tag="020">
      <marc:subfield code="a">198087901X</marc:subfield>
      <marc:subfield code="9">198087901X</marc:subfield>
   </marc:datafield>
   <marc:datafield ind1=" " ind2=" " tag="041">
      <marc:subfield code="a">ger</marc:subfield>
   </marc:datafield>
   <marc:datafield ind1=" " ind2=" " tag="300">
      <marc:subfield code="a">328 S</marc:subfield>
   </marc:datafield>
</marc:record>
